000
00215nam a22000857a 4500
008
160711b xxu||||| |||| 00| 0 eng d
100
_9
2543
_a
Criffiths, R
245
_a
Calculator Book
260
_a
USA
_b
Puffin Book
_c
1984
999
_c
2209
_d
2209